000 00523 a2200169 4500
003 OSt
005 20231103151325.0
008 231103b |||||||| |||| 00| 0 eng d
020 _a9789385269196
040 _coclc
082 _a297.72
_bENG/J
100 _aEngineer, Asghar Ali
_d1939-2013.
_91798
245 _aJIHADUM MATTU LEKHANANGALUM = Jihad and other essays /
_bAsghar Ali Engineer
260 _aKerala:
_bOlive,
_c2005.
300 _a305p
942 _2ddc
_cBK
_h297.72
_iENG/J
_k297.72
_mENG/J
999 _c42797
_d42797